| 000 | 00390nam a22001217a 4500 | ||
|---|---|---|---|
| 082 |
_a621.86 _bINS |
||
| 245 |
_aInstructions and specifications for the use of gold bitumen emulsions _cBitumen emulsions (Pakistan) limited |
||
| 260 |
_aLahore _bBitumen emulsions (Pakistan) limited |
||
| 300 | _a19.p: | ||
| 526 |
_a0 _b0 _c0 _d621_860000000000000_INS |
||
| 650 |
_aMCE _9379 |
||
| 942 |
_2ddc _cBK |
||
| 999 |
_c546086 _d546086 |
||